Counties of New Mexico - Statistics

General Stats
  • This quiz has been taken 17 times
  • The average score is 24 of 33
Answer Stats
Answer % Correct
Colfax
100%
Eddy
100%
Luna
100%
Otero
100%
Santa Fe
100%
Taos
100%
Union
100%
Chaves
83%
Doña Ana
83%
Grant
83%
Lincoln
83%
Los Alamos
83%
Roosevelt
83%
San Juan
83%
San Miguel
83%
Socorro
83%
Valencia
83%
Bernalillo
67%
Catron
67%
Cibola
67%
De Baca
67%
Guadalupe
67%
Hidalgo
67%
McKinley
67%
Rio Arriba
67%
Lea
50%
Quay
50%
Sandoval
50%
Torrance
50%
Curry
33%
Harding
33%
Mora
33%
Sierra
17%
No matching quizzes found
Score Distribution
Percent of People with Each Score
Percentile by Number Answered
Your Score History
You have not taken this quiz